000 00488nam a2200157 i 4500
001 82915
003 ES-MaACL
005 20230906174742.0
007 t|
008 041112s1983 sp ||||1| spa d
245 0 0 _aActividades de la Banca privada
_b: años 1968 a 1982 /
_cInstituto Nacional de Estadística.
260 _aMadrid :
_b[s.n.,
_c1983]
300 _a341 p. ;
_c30 cm.
710 2 _aInstituto Nacional de Estadística (España)
_95162
852 _aES-MaACL
_jL-5320
_bR.105619
999 _c82915
_d82915